U. S. Exports schedule B commodity groupings : schedule B commodity by country : quantity and value : current and cumulative

Uložené v:
Podrobná bibliografia
Médium: Kniha
Jazyk:English
Vydavateľské údaje: Washington U.S. Department of Commerce 1978
Tagy: Pridať tag
Žiadne tagy, Buďte prvý, kto otaguje tento záznam!

MARC

LEADER 00000nam a2200000 4500
001 0215950
005 20260327111457.8
041 0 |a eng 
044 |a US 
245 1 0 |a U. S. Exports  |b schedule B commodity groupings : schedule B commodity by country : quantity and value : current and cumulative 
264 1 |a Washington  |b U.S. Department of Commerce  |c 1978 
300 |a 524, 99 s.